Statistiques concernant Paroles : La Valse à mille temps - Jacques Brel

Cliquez ici pour prendre le quiz!

Statistiques générales

  • Ce quiz a été pris 68 fois
  • Le résultat moyen est 409 sur 473

Statistiques - réponses

Réponse% Correct
À
100%
a
100%
à
100%
la
100%
temps
100%
valse
100%
cent
98%
mille
98%
trois
98%
Trois
98%
de
96%
De
96%
un
96%
Une
96%
une,
96%
au
95%
Au
95%
dans
95%
Dans
95%
le
95%
vingt
95%
C'est
93%
c'est
93%
Et
93%
et
93%
Me
91%
plus
91%
premier
91%
qui
91%
Qui
91%
tu
91%
deux,
89%
deux
89%
mes
89%
moi
89%
quatre
89%
Qu'une
89%
ans
87%
bat
87%
beaucoup
87%
encore
87%
Je
87%
je
87%
mais
87%
Mais
87%
tout
87%
mesure
85%
Paris
85%
que
85%
des
84%
Du
84%
moins
84%
charmant
82%
dansant
82%
notre
82%
aussi
80%
Nous
78%
émoi
76%
les
76%
Pour
76%
pour
76%
bas
75%
Comme
75%
troublant
75%
l'amour
73%
déjà
71%
détours
71%
es
71%
murmure
71%
murmure,
71%
suis
71%
deuxième
69%
seul
67%
s'offre
67%
t'aperçois
67%
tous
67%
ça
65%
côté
65%
fois
65%
Il
65%
toi,
65%
Toute
65%
troisième
65%
s'offrir
64%
bras
62%
seule
62%
y
62%
aies
60%
est
60%
On
60%
souris
60%
roman
56%
enfin
55%
printemps
55%
sa
55%
patienter
53%
y'a
53%
j'aie
51%
trente-trois
51%
valsons
49%
aux
47%
carrefour
47%
chaque
47%
amants
45%
bâtir
44%
Rafraîchit
44%
Laisse
42%
mis
42%
joie
38%
s'entend
38%
éclater
36%
Offre
35%
fredonne
33%
fredonne,
33%
comptons
31%

Distribution des résultats

Percentile par nombre de réponses

% des personnes avec chaque résultat

Votre développement - résultats

Vous n’avez pas pris ce quiz